000 00417nam a22001817a 4500
005 20230706123731.0
008 230706b |||||||| |||| 00| 0 eng d
020 _a978082464705
082 _a001.42
_bBUR-A
100 _aBurn:Andrew
245 _aANALYSING MEDIA TEXTS
260 _aIndia
_bViva
_c2005
300 _a90
500 _aInclude index
650 _amass com
700 _aAndrew Burn
999 _c18871
_d18871